000 00812nam a2200313Ia 4500
003 OSt
005 20220912144905.0
006 a|||||r|||| 00| 0
007 ta
008 220909b |||||||| |||| 00| 0 eng d
020 _a0669144673 (pbk)
024 _a84254
037 _cTextbook
040 _aCSL
_beng
_cCSL
041 _aeng
082 _aEg, N0
100 _aStovall Iris
245 0 _aStudy guide for introductory chemistry
260 _aLexington
_bD.C Health and Company
_c1990
300 _a486p.
_ccm.
650 _a Biochemistry
650 _a Chemical composition
650 _a Gases
650 _a Matter and energy
650 _aMeasurements and calculations
942 _hEg, N0
_cTB
_2CC
999 _c18313
_d18313